000 01763cam a22004934i 4500
003 PE-LiUPU
005 20250731184510.0
008 160811s a r 000 0 spa d
020 _a8416381720
020 _a9788416381722
035 _a(Sirsi) a162910
040 _aPE-LiUPU
_bspa
_cPE-LiUPU
_erda
082 0 4 _a910
_bCB
_220
100 1 _aSerena Ildos Angela,
_eautor.
245 1 0 _aAnimales y sus crías/
_cAngela Serena Ildos.
264 _aBarcelona España
_bValeria manferto de fabianis.
300 _a503 páginas :
_bilustaciones :
_c16 centimetros
336 _atext
_2rdacontent
337 _aunmediated
_2rdamedia
338 _avolume
_2rdacarrier
504 _aBibliografía : página 498.
504 _aÍndices : página 498.
505 0 _aIntroducción -- Primros pasos -- Vida en la familia -- Juegos y peleas -- Pequeños payasos -- Calientes y seguros -- Primeras necesidades -- Un mundo por descubir -- Hacia la imdependencia -- Con los ojos cerrados.
526 _aP136
526 _aP135
526 _aP134
526 _aP133
526 _aP144
526 _aP143
526 _aP87
526 _aP35
526 _aP20
526 _aP14
526 _aP10
526 _aP06
650 1 4 _aComportamiento de los padres en los animales
_xLiteratura juvenil.
650 2 4 _aAnimales
_xInfancia
_xLiteratura juvenil.
650 2 4 _aComportamiento de los padres en los animales.
910 0 4 _ajck
_bjos
_cjck
_d20160811
596 _a1
942 _2ddc
_cBOOK
999 _a910 CB
_wDEWEY
_c11838
_i74396
_d11838
_e2019-1-30
_f2021-11-8
_g5
_lCCODEBUL1
_mBUL
_n10
_r0
_sY
_tBOOK
_u2016-8-11
_xBIBLIOTECA
_PP10
_0COMPRA
_o.STAFF. Colección General
980 _81
_gALBERTO SANCHEZ Responsable de Automatización